000 00853nam a2200253 4500
999 _c24408
_d24408
001 2195826
005 20170128122141.0
008 740521s1974 mau b 001 0 eng
010 _a 73011891
020 _a0201070480
050 0 0 _aLB1573 .S773 1976
100 1 _aSmith, Richard John,
_d1930-
245 1 0 _aTeaching reading in the middle grades
_c[by] Richard J. Smith [and] Thomas C. Barrett.
260 _aReading, Mass.,
_bAddison-Wesley Pub. Co.
_c[1974]
300 _axii, 196 p.
_c24 cm.
490 0 _aAddison-Wesley series in education
504 _aIncludes bibliographical references.
650 0 _aReading (Elementary)
700 1 _aBarrett, Thomas C.,
_ejoint author.
942 _2lcc
_cBOOKS